00365nam a2200121Ia 4500008004100000040001600041041001200057082001600069100002300085245007500108260004300183300001700226230917s9999||||xx |||||||||||||| ||und|| e97305aMAIN aEnglish a342.54 S14C aShakdher, S L, ed. 0aConstitution and the parliament in India: The 25 years of the republic aDelhibNational Publishing Housec1976 axlvi, 694 p.